|
|
|
|
| LEADER |
01714nam a2200397 i 4500 |
| 001 |
37520 |
| 003 |
BD-DhAAL |
| 005 |
20250622160254.0 |
| 008 |
210907t20142021bg a bs 000 0 eng |
| 010 |
|
|
|a 2019315557
|
| 020 |
|
|
|a 9789843445353
|
| 025 |
|
|
|a B-E-2019315557 ; 22-92
|
| 037 |
|
|
|b Library of Congress -- New Delhi Overseas Office
|
| 040 |
|
|
|a DLC
|b eng
|e rda
|c DLC
|d DLC
|d BD-DhAAL
|
| 042 |
|
|
|a lcode
|a pcc
|
| 043 |
|
|
|a a-ii---
|
| 050 |
0 |
0 |
|a HG3290.6.A6
|b G65 2018
|
| 082 |
|
|
|a 332.1095492
|2 23
|
| 245 |
0 |
0 |
|a Green and sustainable banking in Bangladesh /
|c Bangladesh Institute of Bank Management (BIBM).
|
| 250 |
|
|
|a Third edition.
|
| 260 |
|
|
|a Dhaka, Bangladesh :
|b Bangladesh Institute of Bank Management,
|c 2021.
|
| 300 |
|
|
|a iii, 527 pages :
|b black and white illustrations ;
|c 22 cm.
|
| 500 |
|
|
|a Includes statistical tables.
|
| 504 |
|
|
|a Includes bibliographical references (pages 509-527).
|
| 541 |
|
|
|a Complimentary copy from Tamara Abed
|e 37520
|
| 650 |
|
0 |
|a Banks and banking
|z Bangladesh.
|9 42096
|
| 650 |
|
0 |
|a Environmental responsibility
|z Bangladesh.
|9 42097
|
| 700 |
1 |
|
|a Habib, Shah Md. Ahsan.
|e Coordination
|9 42098
|
| 700 |
1 |
|
|a khan, Md. Al-Mamun.
|e Support team
|9 42099
|
| 700 |
1 |
|
|a Kabir, Md. Golam.
|e Support team
|9 42100
|
| 700 |
1 |
|
|a Rahman, Md. Morshadur.
|e Support team
|9 42101
|
| 710 |
2 |
|
|a Bangladesh Institute of Bank Management,
|e publisher.
|9 42102
|
| 852 |
|
|
|a Ayesha Abed Library
|c General Stacks
|
| 942 |
|
|
|2 ddc
|c BK
|
| 999 |
|
|
|c 43254
|d 43254
|
| 952 |
|
|
|0 0
|1 0
|2 ddc
|4 0
|6 332_109549200000000_GRE
|7 0
|9 69362
|a BRACUL
|b BRACUL
|c GEN
|d 2021-09-07
|e Complimentary copy from Tamara Abed.
|l 0
|o 332.1095492 GRE
|p 3010037520
|r 2021-09-07
|t 1
|w 2021-09-07
|y BK
|x Receiving date 02.09.2021
|